000 00644aas a2200217 4500
003 AR-RoUNA
008 140529||||||||||||||||| |||| 0|||| d
022 _a1127-0268
040 _aAR-RoUNA
_bita
041 _aita
_aeng
245 _aL'Arca plus
_b: monografie di architettura = monographies on architecture
260 _aMilan :
_bL'arca Edizione Spa,
_c1994-
300 _bplanos
_bdib.
_c34x24cm
650 4 _aArquitectura
650 4 _aUrbanismo
868 _a(1997 nº11-12), (1998 nº16;18), (2000 nº??)
908 _aImp
942 _2udc
_cART
945 _d2025-08-08
980 _63
_aGermán Grimolizzi
_83
_gGermán Grimolizzi
999 _c12064
_d12064